书目信息 |
| 题名: |
罗马法原论 上
|
|
| 作者: | 周楠 著 | |
| 分册: | ||
| 出版信息: | 北京 商务印书馆 1994.06 |
|
| 页数: | 432页 | |
| 开本: | 32开 | |
| 丛书名: | ||
| 单 册: | ||
| 中图分类: | D904.1 | |
| 科图分类: | ||
| 主题词: | 法的理论 , 法学 | |
| 电子资源: | ||
| ISBN: | 7-100-01409-3 | |
| 000 | 00550nam0 2200205 45 | |
| 001 | 0010060853 | |
| 005 | 20001006083050.6 | |
| 010 | @a7-100-01409-3@d15.80元 | |
| 100 | @a20001006d1994 km y0chiy0120 ea | |
| 101 | 0 | @achi |
| 105 | @a z 000yy | |
| 200 | 1 | @a罗马法原论 上@ALuo Ma Fa Yuan Lun Shang@f周楠著@FZhou Nan Zhu |
| 210 | @a北京@c商务印书馆@d1994.06 | |
| 215 | @a432页@d32开 | |
| 606 | 0 | @a法的理论 |
| 606 | 0 | @a法学 |
| 690 | @aD904.1@v3 | |
| 701 | 0 | @a周楠@4著 |
| 801 | @aCN@bPftUser@c20001006 | |
| 905 | @dD904.1@eZH195:1@b166961-962@f2 | |
| 罗马法原论 上/周楠著.-北京:商务印书馆,1994.06 |
| 432页;32开 |
| ISBN 7-100-01409-3:15.80元 |
| ● |
| 相关链接 |
|
|
|
正题名:罗马法原论上
索取号:D904.1/ZH195:1
 
预约/预借
| 序号 | 登录号 | 条形码 | 馆藏地/架位号 | 状态 | 备注 |
| 1 | 166961 | 201669612 | 社科库509/509社科库 80排6列1层/ [索取号:D904.1/ZH195:1] | 在馆 |